[Event "SLO-ch U18"]
[Site "Rogaska Slatina"]
[Date "2010.02.??"]
[Round "3"]
[White "Skrinjar, Matic"]
[Black "Korent, Ziga"]
[Result "1-0"]
[WhiteElo "1981"]
[BlackElo "1674"]
[PlyCount "49"]
[EventDate "2010.02.??"]
[EventType "swiss"]
[EventRounds "9"]
[EventCountry "SLO"]
[SourceTitle "CBM 135 Extra"]
[Source "ChessBase"]
[SourceDate "2010.05.04"]
[SourceVersion "1"]
[SourceVersionDate "2010.05.04"]
[SourceQuality "1"]

1. e4 d6 2. d4 Nf6 3. Nc3 g6 4. Be3 Bg7 5. f3 c6 6. Qd2 b5 7. Bh6 0-0 8. 0-0-0 Qa5 9. Kb1 Na6 10. g4 b4 11. Nce2 c5 12. Nc1 cxd4 13. Bxg7 Kxg7 14. Qxd4 Qc5 15. Qd2 Nc7 16. Nd3 Qb6 17. Qxb4 Rb8 18. Qxb6 Rxb6 19. Ne2 Ba6 20. Nef4 Rfb8 21. b3 Nb5 22. Kb2 Rc8 23. Nb4 Bb7 24. g5 Ng8 25. Nfd5 1-0

[Event "SLO-ch U16"]
[Site "Rogaska Slatina"]
[Date "2009.02.22"]
[Round "2"]
[White "Benedicic, Izidor"]
[Black "Korent, Ziga"]
[Result "0-1"]
[WhiteElo "1500"]
[BlackElo "1682"]
[PlyCount "52"]
[EventDate "2009.02.22"]
[EventType "swiss"]
[EventRounds "9"]
[EventCountry "SLO"]
[SourceTitle "CBM 129 Extra"]
[Source "ChessBase"]
[SourceDate "2009.05.05"]
[SourceVersion "2"]
[SourceVersionDate "2009.05.20"]
[SourceQuality "1"]

1. e4 d6 2. d4 Nf6 3. Nc3 g6 4. Bg5 Bg7 5. Qd2 c6 6. 0-0-0 b5 7. e5 dxe5 8. dxe5 Qxd2+ 9. Bxd2 Ng4 10. Bxb5 cxb5 11. Bf4 Nxf2 12. Nxb5 Na6 13. Nf3 Nxh1 14. Rxh1 Bd7 15. Nbd4 0-0 16. Re1 Nc5 17. Bg5 f6 18. exf6 Bxf6 19. Bxf6 exf6 20. Re7 Rfe8 21. Re2 Rxe2 22. Nxe2 Bg4 23. Nfd4 Bxe2 24. Nxe2 Rd8 25. b4 Ne4 26. Nf4 Rd2 0-1

[Event "SLO-ch qual"]
[Site "Sentjur"]
[Date "2008.07.12"]
[Round "7"]
[White "Korent, Ziga"]
[Black "Zoric, Darko"]
[Result "1/2-1/2"]
[WhiteElo "1698"]
[BlackElo "1592"]
[PlyCount "41"]
[EventDate "2008.07.03"]
[EventType "swiss"]
[EventRounds "9"]
[EventCountry "SLO"]
[SourceTitle "EXT 2010"]
[Source "ChessBase"]
[SourceDate "2010.11.25"]
[SourceVersion "1"]
[SourceVersionDate "2010.11.25"]
[SourceQuality "1"]

1. Nf3 d5 2. c4 c6 3. b3 Nf6 4. g3 g6 5. Bb2 Bg7 6. Bg2 0-0 7. 0-0 Qb6 8. cxd5 cxd5 9. d3 Nc6 10. Nbd2 Re8 11. d4 Bf5 12. a3 Rac8 13. b4 a5 14. Qb3 axb4 15. Bc3 Ne4 16. Nxe4 Bxe4 17. e3 Bd3 18. Rfc1 Bc4 19. Qb2 Qc7 20. axb4 b5 21. Nd2 1/2-1/2

[Event "SLO-ch qual"]
[Site "Sentjur"]
[Date "2008.07.12"]
[Round "9"]
[White "Novak, Rok"]
[Black "Korent, Ziga"]
[Result "0-1"]
[WhiteElo "1500"]
[BlackElo "1698"]
[PlyCount "46"]
[EventDate "2008.07.03"]
[EventType "swiss"]
[EventRounds "9"]
[EventCountry "SLO"]
[SourceTitle "EXT 2010"]
[Source "ChessBase"]
[SourceDate "2010.11.25"]
[SourceVersion "1"]
[SourceVersionDate "2010.11.25"]
[SourceQuality "1"]

1. e4 d6 2. d4 Nf6 3. Nc3 g6 4. Be3 c6 5. f3 b5 6. Bd3 a6 7. Qd2 Nbd7 8. Bh6 c5 9. Bxf8 Kxf8 10. Nh3 cxd4 11. Ne2 e5 12. Qh6+ Kg8 13. f4 Ng4 14. Qg5 Qxg5 15. Nxg5 h6 16. Nf3 Ne3 17. Kf2 Nc4 18. Rab1 Bb7 19. g3 Kg7 20. c3 Nc5 21. Bc2 d3 22. Bxd3 Nxd3+ 23. Kg2 Ne3+ 0-1

[Event "Sentjur Ipavec Memorial 8th"]
[Site "Sentjur"]
[Date "2007.12.15"]
[Round "7"]
[White "Pahole, Tjasa"]
[Black "Korent, Ziga"]
[Result "0-1"]
[WhiteElo "1531"]
[BlackElo "1542"]
[PlyCount "34"]
[EventDate "2007.12.08"]
[EventType "swiss"]
[EventRounds "9"]
[EventCountry "SLO"]
[SourceTitle "EXT 2010"]
[Source "ChessBase"]
[SourceDate "2010.11.25"]
[SourceVersion "1"]
[SourceVersionDate "2010.11.25"]
[SourceQuality "1"]

1. e4 g6 2. d4 Bg7 3. c4 d6 4. Nc3 Nf6 5. Nf3 0-0 6. Bg5 Nbd7 7. g3 c6 8. Bh3 h6 9. Be3 Nb6 10. Bxc8 Rxc8 11. c5 dxc5 12. dxc5 Nc4 13. Qc1 Qd3 14. b3 Nxe3 15. Qxe3 Qxe3+ 16. fxe3 Nxe4 17. Nxe4 Bxa1 0-1

[Event "Sentjur Ipavec Memorial 8th"]
[Site "Sentjur"]
[Date "2007.12.08"]
[Round "1"]
[White "Korent, Ziga"]
[Black "Spelec, Darko"]
[Result "0-1"]
[WhiteElo "1542"]
[BlackElo "2019"]
[PlyCount "56"]
[EventDate "2007.12.08"]
[EventType "swiss"]
[EventRounds "9"]
[EventCountry "SLO"]
[SourceTitle "EXT 2010"]
[Source "ChessBase"]
[SourceDate "2010.11.25"]
[SourceVersion "1"]
[SourceVersionDate "2010.11.25"]
[SourceQuality "1"]

1. Nf3 Nf6 2. c4 c5 3. g3 d5 4. b3 d4 5. Bg2 Nc6 6. 0-0 e5 7. d3 Be7 8. e4 0-0 9. h3 Ne8 10. Bd2 f5 11. exf5 Bxf5 12. Qe2 Bf6 13. a3 e4 14. Ne1 Nd6 15. Ra2 Re8 16. dxe4 Nxe4 17. Qd1 Ne5 18. Bf4 Nc3 19. Nxc3 dxc3 20. Qxd8 Raxd8 21. Bd5+ Kf8 22. Kg2 Bb1 23. Re2 Re7 24. Nc2 Bxc2 25. Rxc2 Nd3 26. Be3 Bd4 27. Bxd4 cxd4 28. Rd1 Ne1+ 0-1

[Event "SLO-ch qual"]
[Site "Ljubljana"]
[Date "2007.07.05"]
[Round "1"]
[White "Korent, Ziga"]
[Black "Loviscek, Matjaz"]
[Result "0-1"]
[WhiteElo "1542"]
[BlackElo "2036"]
[PlyCount "100"]
[EventDate "2007.07.05"]
[EventType "swiss"]
[EventRounds "9"]
[EventCountry "SLO"]
[SourceTitle "EXT 2010"]
[Source "ChessBase"]
[SourceDate "2010.11.25"]
[SourceVersion "1"]
[SourceVersionDate "2010.11.25"]
[SourceQuality "1"]

1. Nf3 Nf6 2. c4 e6 3. g3 b6 4. Bg2 Bb7 5. 0-0 Be7 6. b3 0-0 7. Bb2 d6 8. Nc3 c5 9. d3 Nbd7 10. Qc2 a6 11. e4 Qc7 12. Rfe1 Rac8 13. Rac1 Rfe8 14. Nb1 Ng4 15. Nbd2 Nge5 16. Nxe5 dxe5 17. Nf3 Rcd8 18. Rcd1 Bf6 19. Bc1 Nb8 20. Bg5 Bxg5 21. Nxg5 h6 22. Nf3 Nc6 23. a3 Rd6 24. Qc3 f6 25. Rd2 a5 26. Red1 Red8 27. Bh3 Bc8 28. Bg2 Bd7 29. h3 Be8 30. Kh2 g5 31. h4 Nd4 32. Nxd4 exd4 33. Qc2 gxh4 34. gxh4 R6d7+ 35. Kh1 Qf4 36. Rg1 Rg7 37. Bh3 Rdd7 38. Rg3 Qxh4 39. Kg2 Rxg3+ 40. fxg3 Rg7 41. Bxe6+ Bf7 42. Bxf7+ Kxf7 43. Kf1 Rxg3 44. Rh2 Qg5 45. Rg2 Rxg2 46. Qxg2 Qxg2+ 47. Kxg2 Kg6 48. Kg3 Kg5 49. a4 h5 50. Kh3 h4 0-1

[Event "SLO-ch U14"]
[Site "Murska Sobota"]
[Date "2007.02.28"]
[Round "6"]
[White "Pipan, Tim"]
[Black "Korent, Ziga"]
[Result "1-0"]
[WhiteElo "1606"]
[BlackElo "1500"]
[PlyCount "36"]
[EventDate "2007.02.25"]
[EventType "swiss"]
[EventRounds "9"]
[EventCountry "SLO"]
[SourceTitle "CBM 117 Extra"]
[Source "ChessBase"]
[SourceDate "2007.05.09"]
[SourceVersion "1"]
[SourceVersionDate "2007.05.09"]
[SourceQuality "1"]

1. e4 g6 2. d4 Bg7 3. Nc3 d6 4. f4 Nf6 5. h3 0-0 6. g4 Nbd7 7. Bc4 e5 8. dxe5 dxe5 9. f5 Nc5 10. Qe2 b6 11. fxg6 hxg6 12. Bg5 c6 13. Qf3 b5 14. Rd1 Qe7 15. Bxb5 cxb5 16. Nd5 Qb7 17. Bxf6 Bxf6 18. Nxf6+ Kg7 1-0

[Event "SLO-ch U14"]
[Site "Murska Sobota"]
[Date "2007.02.26"]
[Round "3"]
[White "Cernjak, Ambroz"]
[Black "Korent, Ziga"]
[Result "0-1"]
[WhiteElo "1500"]
[BlackElo "1500"]
[PlyCount "80"]
[EventDate "2007.02.25"]
[EventType "swiss"]
[EventRounds "9"]
[EventCountry "SLO"]
[SourceTitle "CBM 117 Extra"]
[Source "ChessBase"]
[SourceDate "2007.05.09"]
[SourceVersion "1"]
[SourceVersionDate "2007.05.09"]
[SourceQuality "1"]

1. e4 g6 2. Nf3 Bg7 3. Bc4 d6 4. 0-0 Nf6 5. Nc3 0-0 6. d3 c6 7. Bg5 b5 8. Bb3 h6 9. Be3 a5 10. a3 Nbd7 11. Qd2 Kh7 12. d4 Bb7 13. e5 Ne8 14. e6 fxe6 15. Bxe6 Nc7 16. Bg4 Nf6 17. Bh3 Ncd5 18. b3 Bc8 19. Bxc8 Qxc8 20. Nxd5 Nxd5 21. Rac1 Qg4 22. h3 Qd7 23. c4 Nc7 24. Rfd1 Rf5 25. g4 Rxf3 26. Bf4 Rf8 27. Bg3 bxc4 28. Rxc4 Rxb3 29. Qxa5 Rff3 30. a4 Rbd3 31. Rdc1 Rxd4 32. Rxc6 Qe6 33. Rxc7 Rxg3+ 34. fxg3 Qe3+ 35. Kf1 Rd2 36. Qxd2 Qxd2 37. Re1 Qd3+ 38. Re2 e5 39. a5 Qa6 40. h4 Qxa5 0-1

[Event "SLO-ch U14"]
[Site "Murska Sobota"]
[Date "2007.02.26"]
[Round "2"]
[White "Korent, Ziga"]
[Black "Skaza, Niko"]
[Result "0-1"]
[WhiteElo "1500"]
[BlackElo "1500"]
[PlyCount "61"]
[EventDate "2007.02.25"]
[EventType "swiss"]
[EventRounds "9"]
[EventCountry "SLO"]
[SourceTitle "CBM 117 Extra"]
[Source "ChessBase"]
[SourceDate "2007.05.09"]
[SourceVersion "1"]
[SourceVersionDate "2007.05.09"]
[SourceQuality "1"]

1. e4 c5 2. Nf3 Nc6 3. d4 cxd4 4. Nxd4 Qc7 5. Nc3 e6 6. Be3 a6 7. a3 Nf6 8. Be2 Be7 9. 0-0 b5 10. Bf3 Bb7 11. Qd2 0-0 12. Rad1 Ne5 13. Bg5 Nc4 14. Qc1 Rac8 15. Rfe1 d6 16. Rd3 Rfe8 17. Be2 Nxe4 18. Bxe7 Qxe7 19. Bf3 Nc5 20. Rdd1 Bxf3 21. Nxf3 d5 22. b3 Nb6 23. Qe3 Qc7 24. b4 Ncd7 25. Rd3 Nc4 26. Qc1 Ndb6 27. Re2 Qe7 28. Nb1 Qf6 29. c3 Nd6 30. Ne5 Ne4 31. Nf3 0-1